[Event "Skolernes 50 aars jubilaeum 2022"]
[Site "Aarhus"]
[Date "2022.07.11"]
[Round "1.1"]
[White "Baklan, Vladimir"]
[Black "Liu, Casper Yukun"]
[Result "1-0"]
[WhiteElo "2589"]
[BlackElo "2317"]
[PlyCount "77"]
[EventDate "2022.07.01"]
[EventType "tourn"]
[EventRounds "9"]
[EventCountry "DEN"]

1. e4 e5 2. Nf3 Nc6 3. Bb5 Nf6 4. d3 Bc5 5. Bxc6 dxc6 6. Nc3 Be6 7. O-O Nd7 8.
Ng5 Nf8 9. Qh5 Qf6 10. Be3 Bd6 11. Rae1 O-O-O 12. Ne2 h6 13. Nxe6 Nxe6 14. g3
g6 15. Qh3 Kb8 16. Qg2 g5 17. Kh1 Rdg8 18. f3 Nf4 19. Qf2 Nh3 20. Bxa7+ Ka8 21.
Qg2 Qe6 22. Ng1 Kxa7 23. Qxh3 Qg6 24. Qg2 h5 25. h3 g4 26. h4 f5 27. exf5 Qxf5
28. fxg4 Qxg4 29. Rf3 Rg6 30. Re4 Qe6 31. b3 Rhg8 32. Nh3 Qd7 33. Ng5 Be7 34.
Nf7 Bf6 35. Nxe5 Bxe5 36. Rxe5 Rg4 37. Re4 Rxe4 38. dxe4 Qd1+ 39. Qg1+ 1-0

[Event "Skolernes 50 aars jubilaeum 2022"]
[Site "Aarhus"]
[Date "2022.07.11"]
[Round "1.2"]
[White "Oleksienko, Mikhailo"]
[Black "Nagy, Gabor"]
[Result "1/2-1/2"]
[WhiteElo "2588"]
[BlackElo "2500"]
[PlyCount "42"]
[EventDate "2022.07.01"]
[EventType "tourn"]
[EventRounds "9"]
[EventCountry "DEN"]

1. e4 c5 2. Nf3 e6 3. d4 cxd4 4. Nxd4 a6 5. c4 Nf6 6. Nc3 Qc7 7. a3 b6 8. Be3
Bb7 9. f3 Be7 10. Be2 O-O 11. Qd2 d6 12. O-O Rc8 13. Rac1 Nbd7 14. b4 Qd8 15.
Kh1 Rab8 16. Rfd1 Qe8 17. Qe1 Ne5 18. Qf1 Ba8 19. h3 Nh5 20. Kh2 Bh4 21. Bf2
Bxf2 1/2-1/2

[Event "Skolernes 50 aars jubilaeum 2022"]
[Site "Aarhus"]
[Date "2022.07.11"]
[Round "1.3"]
[White "Hillarp Persson, Tiger"]
[Black "Thybo, Jesper Sondergaard"]
[Result "1/2-1/2"]
[WhiteElo "2516"]
[BlackElo "2520"]
[PlyCount "84"]
[EventDate "2022.07.01"]
[EventType "tourn"]
[EventRounds "9"]
[EventCountry "DEN"]

1. d4 Nf6 2. c4 g6 3. Nc3 d5 4. Nf3 Bg7 5. cxd5 Nxd5 6. e4 Nxc3 7. bxc3 c5 8.
Be3 Qa5 9. Qd2 O-O 10. Rc1 Nd7 11. Bh6 Nf6 12. Bxg7 Kxg7 13. Bd3 Bg4 14. Ne5
Rad8 15. d5 Bc8 16. c4 Qxd2+ 17. Kxd2 e6 18. Rhe1 Ne8 19. f4 f5 20. exf5 gxf5
21. dxe6 Bxe6 22. Nc6 Rd6 23. Nxa7 Nc7 24. Nb5 Nxb5 25. cxb5 Rfd8 26. Rxe6 Rxe6
27. Rxc5 Red6 28. Rc3 Rg6 29. g3 Rh6 30. Rc7+ Kf6 31. Rxb7 Rxh2+ 32. Kc3 Rxa2
33. Rb6+ Ke7 34. Bxf5 Ra3+ 35. Kc4 Rxg3 36. Re6+ Kf7 37. Rh6 Rf3 38. Rh4 h5 39.
b6 Rb8 40. Be4 Re3 41. Bd5+ Kg6 42. b7 Rg3 1/2-1/2

[Event "Skolernes 50 aars jubilaeum 2022"]
[Site "Aarhus"]
[Date "2022.07.11"]
[Round "1.4"]
[White "Boe Olsen, Filip"]
[Black "Ochsner, Bjorn Moller"]
[Result "1-0"]
[WhiteElo "2401"]
[BlackElo "2501"]
[PlyCount "65"]
[EventDate "2022.07.01"]
[EventType "tourn"]
[EventRounds "9"]
[EventCountry "DEN"]

1. d4 d5 2. c4 e6 3. Nf3 Nf6 4. g3 dxc4 5. Bg2 c6 6. a4 Bb4+ 7. Bd2 a5 8. Na3
b5 9. O-O O-O 10. Qc2 Bxa3 11. Rxa3 b4 12. Raa1 Ba6 13. Bg5 Ra7 14. Rfd1 h6 15.
Bxf6 Qxf6 16. Ne5 c5 17. Nxc4 cxd4 18. Nxa5 Rc8 19. Qe4 Rac7 20. Qxd4 Bxe2 21.
Qxf6 gxf6 22. Re1 Rc2 23. Rab1 Kf8 24. Be4 R2c5 25. Nb3 Ba6 26. Nxc5 Rxc5 27.
Rbc1 Ra5 28. Red1 Ke8 29. b3 f5 30. Bf3 Ke7 31. Rc7+ Kf6 32. Rd8 Re5 33. Rc1
1-0

[Event "Skolernes 50 aars jubilaeum 2022"]
[Site "Aarhus"]
[Date "2022.07.11"]
[Round "1.5"]
[White "Rozentalis, Eduardas"]
[Black "Hagen, Andreas Skytte"]
[Result "1/2-1/2"]
[WhiteElo "2531"]
[BlackElo "2368"]
[PlyCount "89"]
[EventDate "2022.07.01"]
[EventType "tourn"]
[EventRounds "9"]
[EventCountry "DEN"]

1. e4 c5 2. Nf3 d6 3. Bb5+ Nd7 4. Ba4 Ngf6 5. O-O e6 6. Qe2 Qa5 7. Bb3 b5 8. d3
Bb7 9. Nbd2 Be7 10. c3 O-O 11. Bc2 Rfe8 12. d4 cxd4 13. cxd4 Rac8 14. Bd3 a6
15. Nb3 Qc7 16. Bd2 Nb6 17. Ba5 Bc6 18. Nbd2 Qb7 19. b3 d5 20. e5 Ne4 21. Rfe1
Nd7 22. a3 f5 23. exf6 Ndxf6 24. Ne5 Bd6 25. Ndf3 Qe7 26. a4 Bb4 27. Nxc6 Rxc6
28. axb5 Bxe1 29. Rxe1 Rcc8 30. bxa6 Qa3 31. b4 Rc3 32. Ne5 Rec8 33. a7 Rc1 34.
g3 Ra8 35. Bb6 Nc3 36. Qd2 Rxe1+ 37. Qxe1 Qxb4 38. Bc5 Qb2 39. f3 Na4 40. Nc6
Nxc5 41. dxc5 e5 42. Qxe5 Qxe5 43. Nxe5 Rxa7 44. Kf2 Kf8 45. Ke3 1/2-1/2

[Event "Skolernes 50 aars jubilaeum 2022"]
[Site "Aarhus"]
[Date "2022.07.12"]
[Round "2.1"]
[White "Boe Olsen, Filip"]
[Black "Oleksienko, Mikhailo"]
[Result "0-1"]
[WhiteElo "2401"]
[BlackElo "2588"]
[PlyCount "80"]
[EventDate "2022.07.01"]
[EventType "tourn"]
[EventRounds "9"]
[EventCountry "DEN"]

1. d4 Nf6 2. c4 e6 3. Nf3 b6 4. g3 Bb4+ 5. Bd2 c5 6. Bxb4 cxb4 7. Bg2 Bb7 8.
O-O a5 9. Nbd2 d6 10. a3 Na6 11. Re1 Qc7 12. e4 e5 13. d5 O-O 14. Re3 Bc8 15.
h3 Nd7 16. Ne1 Ndc5 17. f4 Bd7 18. f5 b5 19. cxb5 Bxb5 20. a4 Nxa4 21. Rxa4
Bxa4 22. Qxa4 Qc1 23. Qc2 Qxc2 24. Nxc2 Rfc8 25. Ne1 a4 26. Bf1 Rc1 27. Nc4 Nc5
28. Kf2 Kf8 29. Be2 Ke7 30. Nf3 Rc2 31. Nfd2 a3 32. bxa3 bxa3 33. Nxa3 Rxd2 34.
Nb5 Ra4 35. Nc3 Ra3 36. Kf3 Nb3 37. Kg4 Nd4 38. Bf1 Rf2 39. Nd1 Rxe3 40. Nxe3
Rf3 0-1

[Event "Skolernes 50 aars jubilaeum 2022"]
[Site "Aarhus"]
[Date "2022.07.12"]
[Round "2.2"]
[White "Thybo, Jesper Sondergaard"]
[Black "Baklan, Vladimir"]
[Result "1/2-1/2"]
[WhiteElo "2520"]
[BlackElo "2589"]
[PlyCount "37"]
[EventDate "2022.07.01"]
[EventType "tourn"]
[EventRounds "9"]
[EventCountry "DEN"]

1. d4 Nf6 2. c4 e6 3. Nf3 b6 4. g3 Bb7 5. Bg2 Be7 6. O-O O-O 7. d5 exd5 8. Nh4
c6 9. cxd5 Nxd5 10. Nf5 Nc7 11. e4 d5 12. Nc3 Bf6 13. exd5 cxd5 14. Bf4 Nba6
15. Re1 Qd7 16. Bh3 Qd8 17. Bg2 Qd7 18. Bh3 Qd8 19. Bg2 1/2-1/2

[Event "Skolernes 50 aars jubilaeum 2022"]
[Site "Aarhus"]
[Date "2022.07.12"]
[Round "2.3"]
[White "Nagy, Gabor"]
[Black "Hillarp Persson, Tiger"]
[Result "1/2-1/2"]
[WhiteElo "2500"]
[BlackElo "2516"]
[PlyCount "46"]
[EventDate "2022.07.01"]
[EventType "tourn"]
[EventRounds "9"]
[EventCountry "DEN"]

1. d4 Nf6 2. c4 e6 3. Nc3 Bb4 4. e3 O-O 5. Bd2 d5 6. Nf3 b6 7. cxd5 exd5 8. Rc1
Be7 9. Ne5 c5 10. Bd3 Bb7 11. O-O Nc6 12. Be1 Re8 13. Bb5 Qd6 14. f4 a6 15. Be2
Rad8 16. Bf2 cxd4 17. exd4 b5 18. Bf3 Na5 19. Re1 Qb6 20. Re2 Nc4 21. Qb3 Na5
22. Qd1 Nc4 23. Qb3 Na5 1/2-1/2

[Event "Skolernes 50 aars jubilaeum 2022"]
[Site "Aarhus"]
[Date "2022.07.12"]
[Round "2.4"]
[White "Liu, Casper Yukun"]
[Black "Rozentalis, Eduardas"]
[Result "1/2-1/2"]
[WhiteElo "2317"]
[BlackElo "2531"]
[PlyCount "100"]
[EventDate "2022.07.01"]
[EventType "tourn"]
[EventRounds "9"]
[EventCountry "DEN"]

1. d4 Nf6 2. c4 e6 3. Nf3 Nc6 4. a3 d6 5. Nc3 g6 6. e4 Bg7 7. Be2 O-O 8. O-O
Re8 9. d5 Nb8 10. Qc2 a6 11. h3 exd5 12. cxd5 Qe7 13. Bd3 c5 14. dxc6 Nxc6 15.
Bg5 Be6 16. Rad1 h6 17. Bf4 Nh5 18. Bh2 Rad8 19. Rfe1 Qf6 20. Qc1 g5 21. Bb1
Nf4 22. Bxf4 Qxf4 23. Qxf4 gxf4 24. Re2 Bxc3 25. bxc3 Ne5 26. Ba2 Nxf3+ 27.
gxf3 Bxh3 28. Red2 Re5 29. Rxd6 Rxd6 30. Rxd6 Kg7 31. Bd5 Rg5+ 32. Kh2 Rh5 33.
Kg1 a5 34. Bxb7 Rg5+ 35. Kh2 Bf1 36. Rd5 Rg2+ 37. Kh1 Rxf2 38. Rxa5 Rxf3 39.
Rc5 Rg3 40. a4 f3 41. Rf5 Be2 42. a5 Rg6 43. e5 Rg4 44. Bd5 Ra4 45. Rxf7+ Kg6
46. e6 Rxa5 47. e7 Bb5 48. c4 Bd7 49. Rxf3 Ra1+ 50. Kg2 Re1 1/2-1/2

[Event "Skolernes 50 aars jubilaeum 2022"]
[Site "Aarhus"]
[Date "2022.07.12"]
[Round "2.5"]
[White "Ochsner, Bjorn Moller"]
[Black "Hagen, Andreas Skytte"]
[Result "1-0"]
[WhiteElo "2501"]
[BlackElo "2368"]
[PlyCount "133"]
[EventDate "2022.07.01"]
[EventType "tourn"]
[EventRounds "9"]
[EventCountry "DEN"]

1. e4 e6 2. d4 d5 3. Nd2 c5 4. exd5 Qxd5 5. Ngf3 cxd4 6. Bc4 Qd6 7. O-O Nf6 8.
Nb3 Nc6 9. Nbxd4 Nxd4 10. Nxd4 Be7 11. c3 O-O 12. Qf3 Qc7 13. Bb3 Bd7 14. Bg5
Rad8 15. Rad1 Bc8 16. Rfe1 a6 17. Bc2 Nd5 18. Qe4 g6 19. Bh6 Rfe8 20. Nf3 Nf6
21. Qh4 Rxd1 22. Bxd1 Nd5 23. Qd4 Bf8 24. Bxf8 Rxf8 25. Bb3 Ne7 26. Ne5 Nf5 27.
Qf4 Qe7 28. Ng4 Rd8 29. g3 h5 30. Ne5 Bd7 31. Bc2 Ng7 32. Qh6 Qf6 33. Qe3 Bc6
34. Nxc6 bxc6 35. Rd1 Rxd1+ 36. Bxd1 Qd8 37. Be2 Qa5 38. a3 Nf5 39. Qd3 Qb6 40.
b4 a5 41. Qa6 Qxa6 42. Bxa6 axb4 43. cxb4 Nd4 44. a4 Kf8 45. a5 Ke7 46. Bd3 Kd6
47. h4 Kc7 48. Kf1 Nb3 49. Ke1 Nd4 50. Kd1 Kb8 51. Bc4 Nf3 52. Ke2 Ne5 53. Bb3
Ka7 54. Ba4 Kb7 55. f3 Nc4 56. Bb3 Nd6 57. Bc2 Nb5 58. Kd3 Kc7 59. Ke4 Kd6 60.
Bd3 Nc3+ 61. Kd4 Nd5 62. Kc4 Nc7 63. f4 Nd5 64. b5 cxb5+ 65. Kxb5 e5 66. fxe5+
Kxe5 67. Bc4 1-0

[Event "Skolernes 50 aars jubilaeum 2022"]
[Site "Aarhus"]
[Date "2022.07.13"]
[Round "3.1"]
[White "Oleksienko, Mikhailo"]
[Black "Ochsner, Bjorn Moller"]
[Result "1-0"]
[WhiteElo "2588"]
[BlackElo "2501"]
[PlyCount "135"]
[EventDate "2022.07.01"]
[EventType "tourn"]
[EventRounds "9"]
[EventCountry "DEN"]

1. e4 c5 2. Nf3 d6 3. d4 cxd4 4. Nxd4 Nf6 5. Nc3 a6 6. a4 e5 7. Nf3 Be7 8. Bg5
Nbd7 9. Bc4 h6 10. Be3 Nb6 11. Nd2 Be6 12. Bxe6 fxe6 13. a5 Nbd7 14. Nc4 Qc7
15. Qd3 Rc8 16. b3 O-O 17. O-O Qc6 18. Rad1 Rfd8 19. f3 Nf8 20. Na4 d5 21. exd5
exd5 22. Nxe5 Qxc2 23. Rc1 Qxd3 24. Nxd3 d4 25. Rxc8 Rxc8 26. Bxd4 Rd8 27. Bxf6
Bxf6 28. Ndc5 Rd5 29. Rc1 Ng6 30. Kf1 Nf4 31. Ne4 Bd8 32. Nac5 Bxa5 33. Nxb7
Bb6 34. g3 Nd3 35. Rc8+ Kh7 36. Ke2 Nb4 37. Rc4 a5 38. Nbc5 Nc6 39. Ne6 Ne7 40.
N6c5 Nc6 41. Ne6 Ne7 42. f4 Kg8 43. g4 Rb5 44. N6c5 Nc6 45. Kd1 Nb4 46. f5 Nd5
47. Kd2 a4 48. bxa4 Rb2+ 49. Kc1 Rxh2 50. Nd7 Rh1+ 51. Kb2 Rh2+ 52. Kb1 Rh1+
53. Rc1 Rxc1+ 54. Kxc1 Ba5 55. Ne5 Ne3 56. Nd6 h5 57. gxh5 Bc7 58. Nec4 Nxc4
59. Nxc4 Kh7 60. Kd2 Kh6 61. Ke3 Kxh5 62. Ke4 Kg5 63. Ne3 Bd8 64. Nd5 Kg4 65.
Nf4 Ba5 66. Ne6 Bc3 67. Nxg7 Kg5 68. Ne8 1-0

[Event "Skolernes 50 aars jubilaeum 2022"]
[Site "Aarhus"]
[Date "2022.07.13"]
[Round "3.2"]
[White "Baklan, Vladimir"]
[Black "Nagy, Gabor"]
[Result "1/2-1/2"]
[WhiteElo "2589"]
[BlackElo "2500"]
[PlyCount "58"]
[EventDate "2022.07.01"]
[EventType "tourn"]
[EventRounds "9"]
[EventCountry "DEN"]

1. e4 c5 2. Nf3 e6 3. d4 cxd4 4. Nxd4 Nc6 5. Nc3 Qc7 6. f4 a6 7. Nxc6 Qxc6 8.
Bd3 b5 9. Qe2 Bb7 10. Bd2 Bc5 11. O-O-O Ne7 12. a3 O-O 13. Rhf1 f5 14. g4 d5
15. gxf5 exf5 16. exd5 Nxd5 17. Nxd5 Qxd5 18. c4 Qf7 19. Bc3 Rfe8 20. Qc2 Be4
21. Be5 Rac8 22. Bxe4 fxe4 23. Qxe4 Bxa3 24. Qd5 Rxc4+ 25. Kb1 Bf8 26. Rg1 Re7
27. h4 Qxd5 28. Rxd5 Rc6 29. h5 Rce6 1/2-1/2

[Event "Skolernes 50 aars jubilaeum 2022"]
[Site "Aarhus"]
[Date "2022.07.13"]
[Round "3.3"]
[White "Hillarp Persson, Tiger"]
[Black "Boe Olsen, Filip"]
[Result "1/2-1/2"]
[WhiteElo "2516"]
[BlackElo "2401"]
[PlyCount "83"]
[EventDate "2022.07.01"]
[EventType "tourn"]
[EventRounds "9"]
[EventCountry "DEN"]

1. d4 d5 2. c4 c6 3. Nf3 Nf6 4. e3 Bf5 5. Nc3 e6 6. Nh4 Be4 7. f3 Bg6 8. Qb3
Qc7 9. Bd2 Be7 10. cxd5 cxd5 11. Nxg6 hxg6 12. O-O-O Nc6 13. Kb1 a6 14. Rc1 Rc8
15. Bd3 Nd7 16. Ne2 b5 17. a4 bxa4 18. Qxa4 Nb6 19. Qxa6 Ra8 20. Qb5 Kd7 21. e4
Rhc8 22. Nf4 Qa7 23. exd5 exd5 24. Rhe1 Kd8 25. Rxc6 Qa2+ 26. Kc2 Rxc6+ 27.
Qxc6 Rc8 28. Qxc8+ Nxc8 29. Ne2 Qa4+ 30. Kb1 Nb6 31. Bc2 Qb5 32. Nc3 Qb4 33.
Ne4 Qxd4 34. Rd1 Qc4 35. Ba5 Qb5 36. Bxb6+ Qxb6 37. Rxd5+ Kc8 38. Rd2 f5 39.
Nc3 Qg1+ 40. Ka2 Qxh2 41. Bb3 Bg5 42. Rc2 1/2-1/2

[Event "Skolernes 50 aars jubilaeum 2022"]
[Site "Aarhus"]
[Date "2022.07.13"]
[Round "3.4"]
[White "Rozentalis, Eduardas"]
[Black "Thybo, Jesper Sondergaard"]
[Result "1/2-1/2"]
[WhiteElo "2531"]
[BlackElo "2520"]
[PlyCount "23"]
[EventDate "2022.07.01"]
[EventType "tourn"]
[EventRounds "9"]
[EventCountry "DEN"]

1. e4 c5 2. Nf3 Nc6 3. Bb5 g6 4. O-O Bg7 5. Re1 e5 6. a3 Nge7 7. b4 d6 8. c3
O-O 9. d3 h6 10. Nbd2 Be6 11. Bb2 b6 12. Bc4 1/2-1/2

[Event "Skolernes 50 aars jubilaeum 2022"]
[Site "Aarhus"]
[Date "2022.07.13"]
[Round "3.5"]
[White "Hagen, Andreas Skytte"]
[Black "Liu, Casper Yukun"]
[Result "1-0"]
[WhiteElo "2368"]
[BlackElo "2317"]
[PlyCount "109"]
[EventDate "2022.07.01"]
[EventType "tourn"]
[EventRounds "9"]
[EventCountry "DEN"]

1. c4 c6 2. g3 d5 3. Nf3 Nf6 4. Bg2 dxc4 5. O-O Nbd7 6. Na3 Nb6 7. Qc2 Be6 8.
Ng5 Qd7 9. Nxe6 Qxe6 10. b3 cxb3 11. axb3 g6 12. Nc4 Nxc4 13. bxc4 Bg7 14. d3
O-O 15. Ra5 Nd7 16. Be3 a6 17. Rb1 Rfb8 18. Ra3 Qd6 19. c5 Qc7 20. Qc4 Ra7 21.
Qe4 e6 22. Qc4 Rba8 23. Rab3 a5 24. Qa4 Bf8 25. Rc1 Nb8 26. d4 Na6 27. Qc4 Qd7
28. Ra1 Nc7 29. Rba3 Nb5 30. Ra4 Bg7 31. Rd1 Rd8 32. f4 e5 33. fxe5 Bxe5 34.
Rd3 Bf6 35. Bf2 Raa8 36. e4 Nc7 37. d5 cxd5 38. exd5 Qf5 39. Be4 Qe5 40. d6 Ne6
41. Bxb7 Rab8 42. Rd5 Qb2 43. c6 Ng5 44. Kg2 Rxb7 45. cxb7 Qxb7 46. Qb5 Qxb5
47. Rxb5 Rxd6 48. Raxa5 Rd2 49. Rxg5 Bd4 50. Raf5 Be3 51. Rg4 h5 52. Re4 gxf5
53. Rxe3 Kg7 54. h4 Kg6 55. Kf3 1-0

[Event "Skolernes 50 aars jubilaeum 2022"]
[Site "Aarhus"]
[Date "2022.07.13"]
[Round "4.1"]
[White "Boe Olsen, Filip"]
[Black "Baklan, Vladimir"]
[Result "1-0"]
[WhiteElo "2401"]
[BlackElo "2589"]
[PlyCount "81"]
[EventDate "2022.07.01"]
[EventType "tourn"]
[EventRounds "9"]
[EventCountry "DEN"]

1. d4 d6 2. Nf3 Nf6 3. c4 g6 4. Nc3 Bf5 5. Qb3 Qc8 6. h3 Bg7 7. g4 Bd7 8. e4
O-O 9. Be3 a5 10. Bg2 a4 11. Qc2 Nc6 12. Rd1 e5 13. dxe5 dxe5 14. Nd5 Re8 15.
Kf1 Be6 16. Kg1 Nd7 17. Kh2 b6 18. Rd2 Nc5 19. b4 Bxd5 20. bxc5 Be6 21. cxb6
cxb6 22. Bxb6 Nb4 23. Qb1 Qxc4 24. Rc1 Qb5 25. Bc5 Rab8 26. Bd6 a3 27. Bf1 Qa5
28. Bxb8 Rxb8 29. Bc4 Nc6 30. Qxb8+ Nxb8 31. Bxe6 Bh6 32. Rd5 Qa7 33. Rc8+ Kg7
34. Kg2 fxe6 35. Rdd8 Nd7 36. g5 Bxg5 37. Nxg5 Kh6 38. h4 Kh5 39. Nxh7 Kxh4 40.
Rc1 Qb7 41. Kf3 1-0

[Event "Skolernes 50 aars jubilaeum 2022"]
[Site "Aarhus"]
[Date "2022.07.13"]
[Round "4.2"]
[White "Oleksienko, Mikhailo"]
[Black "Hillarp Persson, Tiger"]
[Result "1-0"]
[WhiteElo "2588"]
[BlackElo "2516"]
[PlyCount "43"]
[EventDate "2022.07.01"]
[EventType "tourn"]
[EventRounds "9"]
[EventCountry "DEN"]

1. e4 c6 2. Nc3 d5 3. Nf3 g6 4. d4 Bg7 5. h3 dxe4 6. Nxe4 Nf6 7. Nxf6+ exf6 8.
Bd3 O-O 9. O-O a5 10. Be3 Na6 11. a3 Be6 12. c4 Nc7 13. Rc1 b5 14. d5 bxc4 15.
dxe6 Qxd3 16. exf7+ Rxf7 17. Qa4 Qb3 18. Qxc6 Qxb2 19. Rb1 Qxa3 20. Rb7 Ra6 21.
Qxc4 Qd6 22. Rxc7 1-0

[Event "Skolernes 50 aars jubilaeum 2022"]
[Site "Aarhus"]
[Date "2022.07.13"]
[Round "4.3"]
[White "Nagy, Gabor"]
[Black "Rozentalis, Eduardas"]
[Result "1/2-1/2"]
[WhiteElo "2500"]
[BlackElo "2531"]
[PlyCount "29"]
[EventDate "2022.07.01"]
[EventType "tourn"]
[EventRounds "9"]
[EventCountry "DEN"]

1. c4 e6 2. Nc3 Nf6 3. Nf3 Bb4 4. g3 b6 5. Bg2 Bb7 6. O-O O-O 7. d3 d5 8. cxd5
exd5 9. Bf4 Nbd7 10. Nb5 c6 11. Nd6 Bxd6 12. Bxd6 Re8 13. Rc1 c5 14. b4 Rc8 15.
bxc5 1/2-1/2

[Event "Skolernes 50 aars jubilaeum 2022"]
[Site "Aarhus"]
[Date "2022.07.13"]
[Round "4.4"]
[White "Thybo, Jesper Sondergaard"]
[Black "Hagen, Andreas Skytte"]
[Result "1-0"]
[WhiteElo "2520"]
[BlackElo "2368"]
[PlyCount "79"]
[EventDate "2022.07.01"]
[EventType "tourn"]
[EventRounds "9"]
[EventCountry "DEN"]

1. e4 c5 2. Nf3 d6 3. d4 cxd4 4. Qxd4 Nc6 5. Qe3 Nf6 6. Be2 g6 7. h3 Bg7 8. O-O
O-O 9. Rd1 Nd7 10. Nc3 Nde5 11. Nxe5 Nxe5 12. Nd5 Be6 13. c3 Bxd5 14. exd5 Qc7
15. a4 a5 16. Bb5 Bf6 17. Qe2 Kh8 18. Be3 Nd7 19. Bd4 Nc5 20. Bxf6+ exf6 21.
Rd4 f5 22. Rc4 Qb6 23. Qe3 Qd8 24. Re1 Kg7 25. Qd4+ Qf6 26. Re7 Rfc8 27. g4
Qxd4 28. Rxd4 Kf6 29. Re3 Nb3 30. Rd1 f4 31. Re2 Rc7 32. h4 g5 33. Kg2 gxh4 34.
Kf3 Kg5 35. Re4 f5 36. gxf5 h3 37. Rg1+ Kf6 38. Re6+ Kf7 39. Rh6 Rh8 40. f6 1-0

[Event "Skolernes 50 aars jubilaeum 2022"]
[Site "Aarhus"]
[Date "2022.07.13"]
[Round "4.5"]
[White "Ochsner, Bjorn Moller"]
[Black "Liu, Casper Yukun"]
[Result "1-0"]
[WhiteElo "2501"]
[BlackElo "2317"]
[PlyCount "67"]
[EventDate "2022.07.01"]
[EventType "tourn"]
[EventRounds "9"]
[EventCountry "DEN"]

1. e4 e5 2. Nf3 Nc6 3. Bc4 Nf6 4. d3 Bc5 5. O-O O-O 6. a4 a6 7. h3 h6 8. c3 d5
9. exd5 Nxd5 10. Re1 Qd6 11. Nbd2 Bf5 12. Ne4 Bxe4 13. dxe4 Nb6 14. Qxd6 Bxd6
15. Bb3 Bc5 16. a5 Nd7 17. Ba4 Rad8 18. b4 Ba7 19. Ra2 Rfe8 20. Bxc6 bxc6 21.
Rd2 Nf6 22. Rxd8 Rxd8 23. Kf1 Rd3 24. Bb2 c5 25. Nxe5 Rd2 26. Bc1 Rc2 27. Be3
cxb4 28. Bxa7 b3 29. Rb1 Nxe4 30. Be3 b2 31. Nd3 Rxc3 32. Ke2 Ra3 33. Rxb2 Rxa5
34. Rc2 1-0

[Event "Skolernes 50 aars jubilaeum 2022"]
[Site "Aarhus"]
[Date "2022.07.14"]
[Round "5.1"]
[White "Rozentalis, Eduardas"]
[Black "Boe Olsen, Filip"]
[Result "1/2-1/2"]
[WhiteElo "2531"]
[BlackElo "2401"]
[PlyCount "171"]
[EventDate "2022.07.01"]
[EventType "tourn"]
[EventRounds "9"]
[EventCountry "DEN"]

1. e4 c5 2. Nf3 d6 3. Bb5+ Nd7 4. c3 Ngf6 5. Qe2 a6 6. Ba4 b5 7. Bc2 Bb7 8. O-O
g6 9. d4 Bg7 10. Re1 O-O 11. Nbd2 Qb6 12. h3 cxd4 13. cxd4 Rfc8 14. Bd3 Nf8 15.
Nb3 a5 16. d5 b4 17. Be3 Qd8 18. Nfd4 e6 19. dxe6 fxe6 20. Bg5 h6 21. Bh4 Qb6
22. Nf3 Nh5 23. Be7 a4 24. Nbd2 Nf4 25. Qf1 Nxd3 26. Qxd3 Ba6 27. Qxd6 Qxd6 28.
Bxd6 Bxb2 29. Bxb4 Bxa1 30. Rxa1 Nd7 31. a3 Nc5 32. Ne5 Nb3 33. Nxb3 axb3 34.
Rb1 Bc4 35. Nxg6 Bd3 36. Rxb3 Rc1+ 37. Kh2 Bxe4 38. Rg3 Kf7 39. Ne5+ Kf6 40.
Ng4+ Kf5 41. Nxh6+ Ke5 42. Rc3 Rb1 43. Re3 Kd4 44. Ng4 Bd5 45. Re2 Rb3 46. f3
Ra7 47. Kg3 Kc4 48. Kf2 Kb5 49. Nf6 Rf7 50. Ne4 Rc7 51. Ng5 Rc6 52. h4 Rb1 53.
g4 Rcc1 54. Kg3 Rg1+ 55. Kf4 Rbc1 56. h5 Rc4+ 57. Ne4 Rc7 58. Ke5 Kb6 59. Re3
Rh1 60. Nf6 Ba2 61. f4 Ka6 62. g5 Rb7 63. Ne4 Rf7 64. Nd6 Rf8 65. h6 Rd1 66.
Rc3 Re1+ 67. Kd4 Rxf4+ 68. Kc5 Re5+ 69. Kc6 Rxg5 70. Kc7 Bc4 71. Rxc4 Rxc4+ 72.
Nxc4 Rh5 73. Bf8 e5 74. Nd6 Rh4 75. Nf5 Rh5 76. Ng3 Rh4 77. Kd6 e4 78. Ke5 e3
79. Kf5 Rh2 80. Kg5 Rg2 81. Kg4 Rh2 82. Nf5 e2 83. Bb4 Rh1 84. h7 Rxh7 85. Ng3
Re7 86. Be1 1/2-1/2

[Event "Skolernes 50 aars jubilaeum 2022"]
[Site "Aarhus"]
[Date "2022.07.14"]
[Round "5.2"]
[White "Baklan, Vladimir"]
[Black "Oleksienko, Mikhailo"]
[Result "1/2-1/2"]
[WhiteElo "2589"]
[BlackElo "2588"]
[PlyCount "39"]
[EventDate "2022.07.01"]
[EventType "tourn"]
[EventRounds "9"]
[EventCountry "DEN"]

1. e4 e5 2. Nf3 Nc6 3. Bb5 Nf6 4. O-O Nxe4 5. Re1 Nd6 6. Nxe5 Be7 7. Bd3 Nxe5
8. Rxe5 O-O 9. c3 Ne8 10. Bf1 d5 11. d4 Bd6 12. Re1 Bf5 13. Nd2 Nf6 14. Nf3 c6
15. Bg5 h6 16. Bh4 Bg4 17. Bd3 g5 18. Bg3 Bxg3 19. hxg3 Re8 20. Rxe8+ 1/2-1/2

[Event "Skolernes 50 aars jubilaeum 2022"]
[Site "Aarhus"]
[Date "2022.07.14"]
[Round "5.3"]
[White "Hillarp Persson, Tiger"]
[Black "Ochsner, Bjorn Moller"]
[Result "1-0"]
[WhiteElo "2516"]
[BlackElo "2501"]
[PlyCount "185"]
[EventDate "2022.07.01"]
[EventType "tourn"]
[EventRounds "9"]
[EventCountry "DEN"]

1. c4 e5 2. e3 Nf6 3. Nc3 Bb4 4. Nge2 O-O 5. a3 Be7 6. d4 exd4 7. Qxd4 b6 8.
Nf4 Bb7 9. Be2 Na6 10. O-O Nc5 11. Qd1 a5 12. b3 a4 13. b4 Nb3 14. Rb1 Nxc1 15.
Rxc1 Bd6 16. Bf3 Bxf3 17. Qxf3 c6 18. Nd3 Re8 19. Rfd1 Qe7 20. h3 Bc7 21. Kf1
h5 22. Qf5 g6 23. Qg5 Kg7 24. Ne2 Qf8 25. f3 Bd8 26. Qf4 d5 27. Ne5 Qe7 28.
Nxc6 Qxe3 29. Qxe3 Rxe3 30. Rc3 Rxc3 31. Nxc3 Rc8 32. Nxd8 Rxd8 33. cxd5 Nd7
34. f4 Rc8 35. Rd3 Rc4 36. g3 h4 37. Kg2 hxg3 38. Kxg3 Kf6 39. Kf3 Kf5 40. Ne2
g5 41. Nd4+ Kg6 42. d6 f5 43. fxg5 Kxg5 44. Ke3 Kf6 45. Nf3 Rc2 46. h4 Rc1 47.
Kd2 Rh1 48. Kc3 Rc1+ 49. Kd2 Rh1 50. Re3 b5 51. Kc3 Rc1+ 52. Kd2 Rh1 53. Ke2
Ra1 54. Nd4 Nb6 55. Re6+ Kf7 56. Re7+ Kf6 57. Rb7 Ra2+ 58. Ke1 Ra1+ 59. Ke2
Ra2+ 60. Kd1 Rxa3 61. Nxb5 Ra1+ 62. Kc2 Nd5 63. d7 Ke7 64. Nd4 Nxb4+ 65. Rxb4
Kxd7 66. Nxf5 a3 67. Rf4 Rh1 68. Kb3 Rh3+ 69. Ka2 Ke6 70. Rf3 Rh2+ 71. Kxa3 Kf6
72. Ne3+ Kg6 73. Rg3+ Kh7 74. Nf5 Rf2 75. Rg7+ Kh8 76. Rg5 Rf4 77. Kb3 Kh7 78.
Kc3 Ra4 79. Kd3 Rb4 80. Ke3 Rb3+ 81. Kf4 Rb4+ 82. Kg3 Rb3+ 83. Kg4 Rb4+ 84. Kh5
Rb6 85. Rg7+ Kh8 86. Ra7 Rc6 87. Kg5 Rb6 88. Rd7 Ra6 89. Nd6 Kg8 90. Kg6 Kf8
91. h5 Ra1 92. Ne4 Re1 93. Rf7+ 1-0

[Event "Skolernes 50 aars jubilaeum 2022"]
[Site "Aarhus"]
[Date "2022.07.14"]
[Round "5.4"]
[White "Hagen, Andreas Skytte"]
[Black "Nagy, Gabor"]
[Result "0-1"]
[WhiteElo "2368"]
[BlackElo "2500"]
[PlyCount "72"]
[EventDate "2022.07.01"]
[EventType "tourn"]
[EventRounds "9"]
[EventCountry "DEN"]

1. e4 c5 2. Nf3 e6 3. d4 cxd4 4. Nxd4 Nc6 5. Nc3 a6 6. Nxc6 bxc6 7. Bd3 d5 8.
O-O Nf6 9. Re1 Be7 10. b3 O-O 11. Bb2 Bb7 12. Qf3 d4 13. Nb1 e5 14. Rd1 c5 15.
Nd2 Nd7 16. Qe2 Qc7 17. a4 g6 18. Nc4 Rae8 19. Bc1 f5 20. Bh6 Rf6 21. Nd2 f4
22. Bc4+ Kh8 23. Nf3 Bf8 24. Bxf8 Nxf8 25. Ne1 g5 26. f3 Ng6 27. h3 h5 28. Nd3
Ref8 29. Nf2 Bc8 30. Kf1 Nh4 31. Nd3 g4 32. Qf2 g3 33. Qe2 Rg6 34. Ne1 Bxh3 35.
gxh3 Qc8 36. Kg1 g2 0-1

[Event "Skolernes 50 aars jubilaeum 2022"]
[Site "Aarhus"]
[Date "2022.07.14"]
[Round "5.5"]
[White "Liu, Casper Yukun"]
[Black "Thybo, Jesper Sondergaard"]
[Result "0-1"]
[WhiteElo "2317"]
[BlackElo "2520"]
[PlyCount "58"]
[EventDate "2022.07.01"]
[EventType "tourn"]
[EventRounds "9"]
[EventCountry "DEN"]

1. d4 Nf6 2. c4 e6 3. g3 d5 4. Bg2 Nc6 5. Nf3 Bd6 6. O-O O-O 7. Nc3 dxc4 8. Qa4
e5 9. dxe5 Nxe5 10. Nxe5 Bxe5 11. Rd1 Qe7 12. Qxc4 c6 13. Be3 Re8 14. Rac1 Be6
15. Qa4 Bxc3 16. Rxc3 Bd5 17. b4 Bxg2 18. Kxg2 Nd5 19. Rcd3 Qe4+ 20. Kg1 a5 21.
Rd4 Qe6 22. bxa5 Nc3 23. Qb4 Nxe2+ 24. Kg2 Nxd4 25. Rxd4 Qe7 26. Qc3 Qe5 27.
Qb3 Qb5 28. Qc2 Qxa5 29. Rh4 Qd5+ 0-1